000 01353cam a2200325 a 4500
001 700286
003 OSt
005 20180116192416.0
008 960802s1996 enka b 000 0 eng
010 _a 96176418
020 _a1854902547 (UK)
040 _aDLC
_cDLC
_dDLC
043 _aee-----
050 0 0 _aNA958
_b.B45 1996
082 _a720.943
245 0 0 _aBeyond the revolution :
_bthe architecture of Eastern Europe /
_c[editor, Maggie Toy].
260 _aLondon :
_bAcademy Editions ;
_aLanham, MD :
_bDistributed to the trade in the U.S.A. by National Book Network Inc.,
_c1996.
300 _axvi, 95 p. :
_bill. (some col.) ;
_c31 cm.
490 1 _aArchitectural design profile ;
_vno 119
500 _aTitle page follows the preliminary pages.
500 _a"... published as part of Architectural Design vol 66, 1-2/1996"--T.p. verso.
504 _aIncludes bibliographical references.
650 0 _aArchitecture
_zEurope, Eastern
_xHistory
_y20th century.
_96663
700 1 _aToy, Maggie.
_96664
830 0 _aArchitectural design profile ;
_v119.
_96665
906 _a7
_bcbc
_corignew
_d3
_encip
_f19
_gy-gencatlg
942 _2ddc
_cBK
999 _c353728
_d353728